Statistics for European Countries with Positive Population Growth in 2100

Click here to take the quiz!

General Stats

  • This quiz has been taken 190 times
    (158 since last reset)
  • The average score is 11 of 13

Answer Stats

Population
Growth Rate
Country% Correct
+0.11%United Kingdom
97%
+0.27%Sweden
95%
+0.32%Norway
93%
+0.20%Denmark
87%
+0.08%Belgium
84%
+0.48%Luxembourg
81%
+0.01%Germany
79%
+0.30%Liechtenstein
79%
+0.32%Switzerland
79%
+0.66%Monaco
75%
+0.00%San Marino
75%
+0.13%Vatican City
65%
+0.09%Czech Republic
63%

Score Distribution

Percentile by Number Answered

Percent of People with Each Score

Your Score History

You have not taken this quiz since the last reset